000 00574nam a2200229Ia 4500
003 OSt
005 20220926042529.0
006 a|||||r|||| 00| 0
007 ta
008 220923b |||||||| |||| 00| 0 eng d
037 _cGeneral Book
040 _aRTL
_cRTL
_beng
041 _2eng
_aeng
082 _aXM5:(Z), K0
100 _aNaylor Guy
_917483
245 0 _aCompany law for shareholders
260 _c1960
490 _aHobart paper,7
650 _aCompany Laws
942 _hXM5:(Z), K0
_cGB
_2CC
999 _c669994
_d669994